| 000 | 00374nam a22001457a 4500 | ||
|---|---|---|---|
| 999 |
_c3859 _d3859 |
||
| 003 | GBCCL | ||
| 005 | 20241126110505.0 | ||
| 008 | 171214b xxu||||| |||| 00| 0 eng d | ||
| 040 | _cgbc | ||
| 100 |
_aCerullo, Morris _97596 |
||
| 245 |
_aNew Anointing / _cMorris Cerullo |
||
| 260 |
_aCalifornia: _bWorld Evangelism, Inc., _c1975 |
||
| 300 |
_a147 p.; _c23 cm. |
||
| 942 |
_2ddc _cBK |
||